| 000 | 01235nam a2200373 i 4500 | ||
|---|---|---|---|
| 001 | 41969 | ||
| 003 | KOSZ 005 | ||
| 005 | 20220408142622.0 | ||
| 008 | 000516s2000 pl f f |000 0 pol | ||
| 020 | _a8301108770 | ||
| 040 |
_aWA N _cWA N _dKOSZ 005/HR |
||
| 041 | 0 | _apol | |
| 080 | _a543 | ||
| 080 | _a(07) | ||
| 245 | 0 | 0 |
_aĆwiczenia rachunkowe z chemii analitycznej : _bpraca zbiorowa / _cpod red. Zbigniewa Galusa ; [aut. Małgorzata Galus et al.]. |
| 250 | _aWyd. 9. | ||
| 260 |
_aWarszawa : _bWydawnictwo Naukowe PWN, _c2002. |
||
| 300 |
_a357, [1] s. ; _c24 cm. |
||
| 336 |
_aTekst _btxt _2rdacontent |
||
| 337 |
_aBez urządzenia pośredniczącego _bn _2rdamedia |
||
| 338 |
_aWolumin _bnc _2rdacarrier |
||
| 380 | _aKsiążki | ||
| 380 | _aPublikacje fachowe | ||
| 380 | _aPublikacje dydaktyczne | ||
| 388 | _a2001- | ||
| 650 | 7 |
_aChemia analityczna _2DBN |
|
| 655 | 7 |
_aPodręcznik _2DBN |
|
| 658 | _aChemia | ||
| 700 | 1 |
_aGalus, Małgorzata _eAutor |
|
| 700 | 1 |
_aGalus, Zbigniew _d(1934- ) _eRedakcja |
|
| 710 | 2 |
_aWydawnictwo Naukowe PWN _4pbl |
|
| 856 |
_uhttp://koha.tu.koszalin.pl/cgi-bin/koha/opac-detail.pl?biblionumber=41969 _yKatalog online BPK |
||
| 942 |
_2UKD _cKS |
||
| 999 |
_c41969 _d41969 |
||